Fr. Conceicao Rodrigues College of Engineering

Principle Of Electricity In Si Units (Record no. 23133)

MARC details
000 -LEADER
fixed length control field 00371nam a2200157Ia 4500
082 ## - DEWEY DECIMAL CLASSIFICATION NUMBER
Classification number 537
Item number Mor/Hug
100 ## - MAIN ENTRY--PERSONAL NAME
Personal name Morley/A/ Huges/E
245 ## - TITLE STATEMENT
Title Principle Of Electricity In Si Units
260 ## - PUBLICATION, DISTRIBUTION, ETC.
Name of publisher, distributor, etc. Longman
Place of publication, distribution, etc. London
Date of publication, distribution, etc. 1980
300 ## - PHYSICAL DESCRIPTION
Extent 384
546 ## - LANGUAGE NOTE
Language note ENGLISH
650 ## - SUBJECT ADDED ENTRY--TOPICAL TERM
Topical term or geographic name entry element Carpentery
654 ## - SUBJECT ADDED ENTRY--FACETED TOPICAL TERMS
Focus term Principle Of Electricity In Si Units
942 ## - ADDED ENTRY ELEMENTS (KOHA)
Koha item type BOOK
Holdings
Withdrawn status Lost status Damaged status Not for loan Collection Home library Current library Shelving location Date acquired Total Checkouts Full call number Barcode Date last seen Price effective from Koha item type
        AFT Fr. Agnel's C.Rodrigues College of Engineering Fr. Agnel's C.Rodrigues College of Engineering   17/03/2023   537 Mor/Hug AFT4044 17/03/2023 17/03/2023 BOOK